Análisis Matemático 2
| Main Author: | |
|---|---|
| Format: | Unknown |
| Language: | Indeterminado |
| Published: |
Argentina
Argentina
2020-03-20 15:59:00
|
| Online Access: | Texto completo |
MARC
| LEADER | 00000 a2200000 4500 | ||
|---|---|---|---|
| 001 | ALPHAC_290939 | ||
| 003 | XX-XxUND | ||
| 008 | s2020 xx |||||||||||| ||||und d | ||
| 020 | |a 9789874029171 | ||
| 035 | |a 9789874029171 | ||
| 100 | 1 | |a Citto, E. |e author | |
| 245 | 1 | |a Análisis Matemático 2 | |
| 260 | |a Argentina |b Argentina |c 2020-03-20 15:59:00 | ||
| 300 | |a 244 | ||
| 754 | 1 | |a category |c Ciencias Básicas | |
| 856 | 4 | |u https://alphaeditorialcloud.uam.elogim.com/reader/analisis-matematico-2-1616101481 |z Texto completo | |


